000 00443nam a22001817a 4500
005 20230403132531.0
008 230328b |||||||| |||| 00| 0 eng d
020 _a978-93-83635-61-0
041 _aeng
082 _a615 ADE-C
100 _aADEPU,RAMESH
_97664
245 _aCOMMUNITY PHARMACY PRACTICE
250 _a11th ed.
260 _bPHARMA MED PRESS
_c2022
300 _a221;P.
650 _aPHARMACY
_xB.PHARMA
_97665
942 _cBK
999 _c8241
_d8239